| 000 | 00440nam a22001697a 4500 | ||
|---|---|---|---|
| 003 | OSt | ||
| 005 | 20210930101804.0 | ||
| 008 | 210930b |||||||| |||| 00| 0 eng d | ||
| 020 | _a0-07-037200-4 | ||
| 040 | _cHawassa university | ||
| 050 |
_a581/LEO _b2 |
||
| 082 |
_a581/LEO _bSecond edition |
||
| 100 |
_aLeopold a. carl _98535 |
||
| 245 | _aPlant growth and development | ||
| 260 |
_aNew york McGRAW-hill _c1964 |
||
| 942 |
_2ddc _cBOOKS _n0 |
||
| 999 |
_c7900 _d7900 |
||